|
|
|
|
| LEADER |
00000nam2a2200000 4500 |
| 001 |
302436 |
| 005 |
20231102001513.0 |
| 035 |
|
|
|a (RuTPU)RU\TPU\book\327643
|
| 090 |
|
|
|a 302436
|
| 100 |
|
|
|a 20150821d1983 km y0rusy50 ca
|
| 101 |
0 |
|
|a rus
|
| 102 |
|
|
|a UA
|
| 105 |
|
|
|a a z 001zy
|
| 200 |
0 |
|
|a Вып. 17
|f под ред. Ю. С. Липатова
|
| 210 |
|
|
|d 1983
|
| 215 |
|
|
|a 64 с.
|c ил.
|
| 320 |
|
|
|a Библиогр. в конце ст.
|
| 461 |
|
1 |
|0 (RuTPU)RU\TPU\book\143378
|t Композиционные полимерные материалы
|o республиканский межведомственный сборник научных трудов
|f Академия наук Украинской ССР (АН УССР), Институт химии высокомолекулярных соединений (ИХВС)
|v Вып. 17
|d 1979-1991
|
| 606 |
1 |
|
|a Конструкционные материалы полимерные
|2 stltpush
|3 (RuTPU)RU\TPU\subj\73666
|9 86532
|
| 610 |
1 |
|
|a создание
|
| 610 |
1 |
|
|a структура
|
| 610 |
1 |
|
|a свойства
|
| 610 |
1 |
|
|a кинетика
|
| 610 |
1 |
|
|a отверждение
|
| 610 |
1 |
|
|a вязкоупругость
|
| 610 |
1 |
|
|a концентрационная зависимость
|
| 610 |
1 |
|
|a термодинамические взаимодействия
|
| 610 |
1 |
|
|a полимерные смеси
|
| 610 |
1 |
|
|a реологические свойства
|
| 610 |
1 |
|
|a сополиуретаны
|
| 675 |
|
|
|a 620.22
|v 4
|
| 702 |
|
1 |
|a Липатов
|b Ю. С.
|4 340
|
| 801 |
|
1 |
|a RU
|b 63413507
|c 20150821
|
| 801 |
|
2 |
|a RU
|b 63413507
|c 20190328
|g RCR
|
| 942 |
|
|
|c BK
|